000 00254nam a22000977a 4500
008 231128b |||||||| |||| 00| 0 eng d
082 _aA - N /
_bALVT
100 _aÁlvarez, Sergio
_eAutor
_942810
245 _a35 muertos /
_cSergio Álvarez
942 _2ddc
999 _c30445
_d16829